00808 2200289 4500001002100000005001500021035002000036007000300056008004100059020002200100040001700122082001400139084001600153090001900169100002100188245009400209300002800303650001100331850001200342504000600354264004400360336002100404337003000425338002300455990002000478990002000498INLIS00000000085137020191002090050 a0010-1019000097ta191002b2019 xx g | |  a978-602-04-8975-9 aYOPDYOGbind04223a158.1 a158.1 SUH s aPK 158.1 SUH s0 aSuhardiepenulis00a10 Rahasia kuno :buntuk meraih kesuksesan, kekayaan, dan kebahagiaan /cpenulis, Suhardi aix,241 halaman ;c23 cm 4aSukses aYOPDYOG ab34aJakarta :bElex Media Komputindo,c2019 2rdacontentateks 2rdamediaatanpa perantara 2rdacarrieravolume a37745-PD/B.2019 a37746-PD/B.2019